České tance. z národních písní : mužský sbor / Řada I

Hlavní autor: Palla, Hynek, 1837-1896
Jazyk: Čeština
Vydáno: Praha : Mojmír Urbánek, c1910
Edice: Edition M. U. ; Nr. 634
Fyzický popis: 1 partitura (8 s.) + 4 hlasy
Hudebniny Hudebniny
Uloženo v:
LEADER 00803ncm a22002292a 4500
001 001310468
003 CZ BrMZK
005 20140204124902.0
007 qu
008 130715s1910 xr |||||||||||||||||cze d
040 |a BOA001  |b cze 
072 7 |a 784  |x Vokální hudba  |2 Konspekt  |9 9 
100 1 |a Palla, Hynek,  |d 1837-1896  |7 jk01091599  |4 cmp 
245 1 0 |a České tance.  |n Řada I  |h [hudebnina] :  |b z národních písní : mužský sbor /  |c Hynek Palla 
260 |a Praha :  |b Mojmír Urbánek,  |c c1910 
300 |a 1 partitura (8 s.) + 4 hlasy 
490 1 |a Edition M. U. ;  |v Nr. 634 
505 0 0 |t Hulán --  |t Motovidlo --  |t Dupák --  |t Bavorák 
910 |a BOA001  |b Mus4-0188.660,1 
990 |a MU 
991 |b 201307 
996 6 |b 2619570598  |c Mus4-0188.660,1  |l MZK  |r Sklad / do 1 hodiny  |n 0  |w 001345445  |u 000010  |a 1  |e BOA001  |j MZK50  |s P